| 000 | 00708nam a22002177a 4500 | ||
|---|---|---|---|
| 999 |
_c186244 _d186244 |
||
| 005 | 20220222130434.0 | ||
| 010 | _aENG-131680 | ||
| 020 |
_a9788194368502 _c298.00 |
||
| 035 | _aEN-115212 | ||
| 037 | _bDBAD | ||
| 082 | _a515 | ||
| 100 | _aReddy, M. Suryanarayana | ||
| 245 |
_aDifferential Equations & Vector Calculus/ _cM. Suryanarayana Reddy et.al. |
||
| 260 |
_aHyderabad _bAmaravati Publications _c2020 |
||
| 270 |
_a# 326/C, Level 3, Surneni Nilayam Near B K Guda Park, S R Nagar _bHyderabad _e500038 |
||
| 300 |
_aviii, 344p. _c24cm(pbk) |
||
| 700 | _aKumar, P. Maninaga | ||
| 700 | _aRaju, K. Venkateswara | ||
| 700 | _aReddy, P. Ramakrishna | ||
| 942 |
_2ddc _cEN _h515 _mRED |
||